| 000 | 00000nam 2200000zi 4500 |
| 001 | 9.883229 |
| 003 | CaOODSP |
| 005 | 20221107170515 |
| 006 | m o d f |
| 007 | cr |n||||||||| |
| 008 | 191231t20202020onc ob f|0| 0 fre d |
| 020 | |a9780660336596 |
| 040 | |aCaOODSP|bfre|erda|cCaOODSP |
| 043 | |an-cn--- |
| 086 | 1 |aH14-342/2020F-PDF |
| 245 | 00|aAnnexe 3B aux Lignes directrices sur les bonnes pratiques de fabrication : |bproduits radiopharmaceutiques émetteurs de positrons (GUI-0071). |
| 264 | 1|a[Ottawa] : |bSanté Canada = Health Canada, |c2020. |
| 264 | 4|c©2020 |
| 300 | |a1 ressource en ligne (37 pages) |
| 336 | |atexte|btxt|2rdacontent/fre |
| 337 | |ainformatique|bc|2rdamedia/fre |
| 338 | |aressource en ligne|bcr|2rdacarrier/fre |
| 500 | |aPublié aussi en anglais sous le titre : Annex 3B to the good manufacturing practices guide: positron-emitting radiopharmaceuticals. |
| 500 | |aPublié aussi en format HTML. |
| 500 | |a« 15 septembre 2020. » |
| 500 | |a« Remplace : Annexe aux Lignes directrices sur les Bonnes pratiques de fabrication Bonnes pratiques de fabrication (BPF) concernant les produits radiopharmaceutiques émetteurs de positrons (PREP) (GUI-0071), 15 février 2006. » |
| 504 | |aComprend des références bibliographiques (pages 36-37). |
| 650 | 6|aLaboratoires pharmaceutiques|zCanada. |
| 650 | 6|aRadiopharmaceutiques|zCanada. |
| 710 | 1 |aCanada. |bSanté Canada, |eorganisme de publication. |
| 775 | 08|tAnnex 3B to the good manufacturing practices guide : |w(CaOODSP)9.883227 |
| 856 | 40|qPDF|s1.37 Mo|uhttps://publications.gc.ca/collections/collection_2021/sc-hc/H14-342-2020-fra.pdf |
| 856 | 4 |qHTML|sS.O.|uhttps://www.canada.ca/fr/sante-canada/services/medicaments-produits-sante/conformite-application-loi/bonnes-pratiques-fabrication/documents-orientation/annexe-bonnes-pratiques-fabrication-concernant-produits/document.html |